[Event "IECG CP.2007.P.00052 email"]
[Site "IECG email"]
[Date "2007.10.01"]
[Round "?"]
[White "Venkataraman, Prakash"]
[Black "Schnoewitz, Brigitte"]
[Result "0-1"]
[WhiteElo "1000"]
[BlackElo "1260"]
[PlyCount "54"]
[EventDate "2007.10.01"]
[EventType "tourn (corr)"]
[EventRounds "6"]
[SourceTitle "Corr 2011"]
[Source "ChessBase"]
[SourceDate "2010.08.31"]
[SourceVersion "1"]
[SourceVersionDate "2010.08.31"]
[SourceQuality "1"]

1. e4 c5 2. Nc3 d6 3. Nf3 a6 4. Bc4 Nf6 5. Ng5 e6 6. d3 Nc6 7. 0-0 Be7 8. f4 h6 9. Nf3 0-0 10. Qe1 b5 11. e5 bxc4 12. exf6 Bxf6 13. dxc4 Rb8 14. Qe4 Bb7 15. f5 Nd4 16. Qd3 Bxf3 17. gxf3 Nxf5 18. Ne4 Bxb2 19. Bxb2 Rxb2 20. Rf2 Qb6 21. Rd1 Rd8 22. Ng3 Nd4 23. Nh5 Rxa2 24. Rg2 Nf5 25. Qe4 Ra3 26. Nxg7 Nxg7 27. Qg4 Qb2 0-1

[Event "IECC M email"]
[Site "IECC email"]
[Date "1998.05.23"]
[Round "?"]
[White "Grazinys, Vidmantas"]
[Black "Venkataraman, Prakash"]
[Result "1/2-1/2"]
[WhiteElo "2063"]
[BlackElo "1870"]
[PlyCount "100"]
[EventDate "1998.??.??"]
[EventType "tourn (corr)"]
[EventRounds "12"]
[SourceTitle "Corr 2008"]
[Source "ChessBase"]
[SourceDate "2008.06.24"]
[SourceVersion "1"]
[SourceVersionDate "2008.06.24"]
[SourceQuality "1"]

1. e4 e5 2. Nc3 Nf6 3. f4 exf4 4. Bc4 c6 5. d4 Bb4 6. Qf3 g5 7. Nge2 d5 8. exd5 Bg4 9. Qd3 cxd5 10. Bb5+ Nc6 11. 0-0 a6 12. Bxc6+ bxc6 13. Re1 0-0 14. h3 Bh5 15. h4 Bg6 16. Qd1 h6 17. hxg5 hxg5 18. a3 Bd6 19. Kf1 Qd7 20. Ng1 Rae8 21. Nce2 Ng4 22. Nf3 Ne3+ 23. Bxe3 fxe3 24. Nxg5 Qf5+ 25. Nf3 Qh5 26. Neg1 Re4 27. Re2 Rfe8 28. Qe1 c5 29. dxc5 Bxc5 30. Qa5 Bd6 31. Qxa6 Bf8 32. Rd1 Rd8 33. Qa5 Rd6 34. c3 Qf5 35. Qa8 Bh5 36. Rd3 Ra4 37. Qxa4 Qxd3 38. Qh4 Qb1+ 39. Qe1 Qd3 40. Nh3 Rf6 41. Qg3+ Bg6 42. Qh4 Be7 43. Qe1 Bd6 44. Nhg5 Qb5 45. Kg1 Bg3 46. a4 Bf2+ 47. Rxf2 exf2+ 48. Qxf2 Qxa4 49. Qe1 Qb3 50. Qe5 Ra6 1/2-1/2

[Event "IECC M email"]
[Site "IECC email"]
[Date "1998.05.23"]
[Round "?"]
[White "Venkataraman, Prakash"]
[Black "Grazinys, Vidmantas"]
[Result "0-1"]
[WhiteElo "1879"]
[BlackElo "2044"]
[PlyCount "60"]
[EventDate "1998.??.??"]
[EventType "tourn (corr)"]
[EventRounds "12"]
[SourceTitle "Corr 2008"]
[Source "ChessBase"]
[SourceDate "2008.06.24"]
[SourceVersion "1"]
[SourceVersionDate "2008.06.24"]
[SourceQuality "1"]

1. e4 e5 2. Nf3 Nc6 3. Bb5 a6 4. Bxc6 dxc6 5. d4 exd4 6. Qxd4 Qxd4 7. Nxd4 Bd7 8. 0-0 0-0-0 9. Nc3 Bc5 10. Nb3 Bb6 11. Kh1 Be6 12. Bg5 f6 13. Bh4 g5 14. Bg3 h5 15. h4 Ne7 16. Na4 Ba7 17. Nbc5 Bc4 18. b3 Bxf1 19. Rxf1 b5 20. Ne6 bxa4 21. Nxd8 Rxd8 22. bxa4 Rd4 23. f4 Rxe4 24. fxg5 fxg5 25. hxg5 Be3 26. Re1 Nf5 27. Bh2 Rh4 28. g3 Nxg3+ 29. Kg2 Nf5 30. g6 Rg4+ 0-1